सांख्यिकी: एक सरल अध्ययन (Record no. 877)
[ view plain ]
| 000 -LEADER | |
|---|---|
| fixed length control field | 01231 a2200241 4500 |
| 005 - DATE AND TIME OF LATEST TRANSACTION | |
| control field | 20080902162028.0 |
| 010 ## - LCCN (DPL NO) | |
| LC control number | HIN-78860 |
| 020 ## - INTERNATIONAL STANDARD BOOK NUMBER | |
| Terms of availability | 120.00 |
| 035 ## - SYSTEM CONTROL NUMBER | |
| System control number | HN-51206 |
| 037 ## - SOURCE OF ACQUISITION | |
| Source of stock number/acquisition | D.B.Act / ven |
| 082 ## - DEWEY DECIMAL CLASSIFICATION NUMBER | |
| Classification number | 310 |
| 245 ## - TITLE STATEMENT | |
| Title | सांख्यिकी: एक सरल अध्ययन |
| Statement of responsibility, etc | संपादक एन.एन.ओझा |
| 246 ## - VARYING FORM OF TITLE | |
| Title proper/short title | Sankhyiki; Ek Saral Adhyayn |
| 260 ## - PUBLICATION, DISTRIBUTION, ETC. (IMPRINT) | |
| Place of publication, distribution, etc | नई दिल्ली |
| Name of publisher, distributor, etc | क्राँनिकल बुक्स |
| Date of publication, distribution, etc | 2007 |
| 260 ## - PUBLICATION, DISTRIBUTION, ETC. (IMPRINT) | |
| Place of publication, distribution, etc | नई दिल्ली (वितरक) पैन्सी बुक्स |
| 270 ## - ADDRESS | |
| Address | ए-26,सेक्टर-2, |
| City | नई दिल्ली |
| Postal code | 201301 |
| Telephone number | 0120-2440265-66 |
| Fax number | 0120-2440268 |
| Electronic mail address | circulation@chronicleindia.com |
| 270 ## - ADDRESS | |
| Address | आर.जेड-66ए,सोमेश विहार चावला |
| Postal code | 110071 |
| 300 ## - PHYSICAL DESCRIPTION | |
| Extent | 401पृ |
| Dimensions | 22 सेमी (अजिल्द) |
| 650 ## - SUBJECT ADDED ENTRY--TOPICAL TERM | |
| Topical term or geographic name as entry element | Statistic |
| 700 ## - ADDED ENTRY--PERSONAL NAME | |
| Personal name | ओझा, एन.एन. |
| 9 (RLIN) | 42439 |
| 942 ## - ADDED ENTRY ELEMENTS (KOHA) | |
| Institution code [OBSOLETE] | dpl |
| Item type | Hindi Books |
| Call number prefix | 310 / सांख्यिकी |
| Source of classification or shelving scheme | Dewey Decimal Classification |
| Classification part | 310 |
| Call number suffix | सांख्यिक |
| Withdrawn status | Lost status | Not for loan | Collection code | Home library | Current library | Date acquired | Cost, normal purchase price | Full call number | Barcode | Copy number | Cost, replacement price | Koha item type |
|---|---|---|---|---|---|---|---|---|---|---|---|---|
| Not For Loan | Non-fiction | D.B.Act.Division | D.B.Act.Division | 02/09/2008 | 120.00 | 310 सांख्यिक | HN-51206 | 1 | 120.00 | Hindi Books |
